Southville International School and Colleges
Your cart is empty.
  • Cart
  • Lists
    Public lists Eva Luna New books Lux_list list_1
    Your lists Log in to create your own lists
  • Log in to your account
  • Your cookies
  • Search history
Southville International School and Colleges
  • Advanced search
  • Recent comments
  • Most popular
  • Libraries

Log in to your account

Log in with GOOGLE


If you do not have an external account, but do have a local account, you can still log in:

  1. Home
  2. MARC view: The event marketing handbook :
Normal view MARC view ISBD view

The event marketing handbook : (Record no. 39512)

[ view plain ]
MARC details
000 -LEADER
fixed length control field 00541nam a2200181 a 4500
005 - DATE AND TIME OF LATEST TRANSACTION
control field 20140311163024.0
008 - FIXED-LENGTH DATA ELEMENTS--GENERAL INFORMATION
fixed length control field 080110s19uu xx 00 eng d
020 ## - INTERNATIONAL STANDARD BOOK NUMBER
International Standard Book Number 1419515063
050 ## - LIBRARY OF CONGRESS CALL NUMBER
Classification number GT 3405
Item number .Sa34 2006
100 ## - MAIN ENTRY--PERSONAL NAME
Personal name Saget, Allison
245 ## - TITLE STATEMENT
Title The event marketing handbook :
Remainder of title beyond logistics & planning /
Statement of responsibility, etc Allison Saget
260 ## - PUBLICATION, DISTRIBUTION, ETC. (IMPRINT)
Place of publication, distribution, etc U.S.A :
Name of publisher, distributor, etc Dearborn Trade Publishing,
Date of publication, distribution, etc 2006.
300 ## - PHYSICAL DESCRIPTION
Extent 300 p. :
Other physical details ill. ;
Dimensions 23 cm.
521 ## - TARGET AUDIENCE NOTE
Target audience note
650 ## - SUBJECT ADDED ENTRY--TOPICAL TERM
Topical term or geographic name as entry element Special events
General subdivision Marketing.
942 ## - ADDED ENTRY ELEMENTS (KOHA)
Koha item type Books
Source of classification or shelving scheme Library of Congress Classification
Call number prefix Foreign
Holdings
Withdrawn status Lost status Source of classification or shelving scheme Damaged status Home library Current library Shelving location Date acquired Source of acquisition Cost, normal purchase price Total Checkouts Full call number Barcode Date last seen Copy number Price effective from Koha item type
    Library of Congress Classification   College Library College Library General Circulation Section 01/10/2008 Donation 22.95   GT 3405 .Sa34 2006 C9018 05/15/2018 1 10/18/2013 Books

The event marketing handbook :

APA

Saget A., . (2006). The event marketing handbook. U.S.A: Dearborn Trade Publishing.

Chicago

Saget Allison, . 2006. The event marketing handbook. U.S.A: Dearborn Trade Publishing.

Harvard

Saget A., . (2006). The event marketing handbook. U.S.A: Dearborn Trade Publishing.

MLA

Saget Allison, . The event marketing handbook. U.S.A: Dearborn Trade Publishing. 2006.

  • Place hold
  • Print
  • Cite
  • Add to your cart (remove)
  • Save record
    BIBTEX Dublin Core MARCXML MARC (non-Unicode/MARC-8) MARC (Unicode/UTF-8) MARC (Unicode/UTF-8, Standard) MODS (XML) RIS
  • More searches
    Search for this title in:
    Other Libraries (WorldCat) Other Databases (Google Scholar) Online Stores (Bookfinder.com) Open Library (openlibrary.org)

Exporting to Dublin Core...

SOUTHVILLE LIBRARY

Southville International School and Colleges Library

1281 Tropical Ave. Cor. Luxembourg St., BF Homes International, Las Pinas City

Tel. No. 8256374 / 252358 Loc. 117/146

Powered by Koha